000 00961nas a2200313 4500
001 BR9213800
003 BR-BrBNA
005 20231205095123.0
007 ta
008 230509b bl.|||p| |||| 00| 00por d
040 _aBR-BrBNA
_bpor
_cBiblioteca Nacional de Agricultura
041 _a(Pt)
072 _aF08; L01
100 1 _aLeite, V.B. de O.
100 1 _aAbramides, P.L.G.
100 1 _aWerner, J.C.
100 1 _aAlcantara, P.B.
100 1 _aBianchine, D.
245 1 _aProdutividade de pastagens consorciadas na regiao do cerrado central do estado de Sao Paulo. 2. Producao animal
650 _aProducao Animal
650 _aPastagem
650 _aGraminea
650 _aLeguminosa
650 _aConsorciacao de Cultura
650 _aSao Paulo
773 0 _tBoletim de Industria Animal (Brazil)
_xISSN 0067-9615
_g(Jan-Jun 1986), v. 43(1) p. 145-160
_wBR9213800
909 _a202311
_bLúcia
_c55
_dLúcia Elande
942 _2AGRIS
_n0
_cANA
999 _c148799
_d148799